Капуцини в Острозі у ХVІІІ та ХІХ ст. (Запис № 407526)

МАРК-запис
000 -Лідер
fixed length control field 00887caa a22002417a 4500
001 - Контрольний номер
control field 121471
003 - Ідентифікатор контрольного номера
control field UA-OsUOA
005 - Дата та час останнього входження (трансакції)
control field 20200323150450.0
007 - Фіксоване поле фізичного опису
fixed length control field ta
008 - Елементи даних фіксованої довжини – загальна інформація
fixed length control field 20170321b un ||||| |||| 00| 0 ukr d
040 ## - Джерело каталогізації
Агенція оригінальної каталогізації UA-OsUOA
Мова каталогізації ukr
Агенція, яка здійснювала перезапис UA-OsUOA
Агенція, яка здійснювала модифікацію UA-OsUOA
041 ## - Код мови
Код мови тексту/ звукової доріжки чи окремого заголовка (П) ukr
080 ## - Індекс Універсальної десяткової класифікації
Індекс Універсальної десяткової класифікації (УДК) (НП) 908
090 ## - Локальний шифр розміщення
Класифікаційний індекс УДК 908
Авторський знак (НП) К56
100 ## - Основне введення – ім’я особи
Ім’я особи (НП) Ковалів В.-Й.
Титули та інші слова, що асоціюються з іменем отець
245 ## - Відомості про назву
Назва (НП) Капуцини в Острозі у ХVІІІ та ХІХ ст.
Решта назви (НП) В.-Й. Ковалів
300 ## - Фізичний опис
Обсяг С. 263–268
650 #7 - Додаткове предметне введення – тематичний термін
Тематичний термін чи географічна назва, як елемент введення (НП) 908 Краєзнавство
Джерело заголовка чи терміна UDC
773 0# - Введення хост-одиниці (П)
Бібліонома 364752
Host Itemnumber 388230
Місце, видавець та дата видання (НП) Острог 2000
Інший ідентифікатор одиниці опису 72223
Назва (НП) Матеріали VІІ-ІХ острозької конференції "Острог на порозі 900-річчя" 1996-1998 роки
Контрольний номер запису (П) (UA-OsUOA) 78437
942 ## - Додаткові елементи входу (Коха)
Тип елемента Koha Складова частина документа
Source of classification or shelving scheme Universal Decimal Classification
955 ## - Код типу видання за змістом
Код типу видання за змістом (НП) Наукові видання

Немає доступних примірників.